| 000 | 00893nam a22002657a 4500 | ||
|---|---|---|---|
| 001 | 8429 | ||
| 003 | FISKH | ||
| 005 | 20250911143602.0 | ||
| 008 | 250911b cb ||||| |||| 00| 0 eng d | ||
| 020 | _a9780590508346 | ||
| 040 |
_aFISKH _beng _cFISKH _dFISKH |
||
| 050 | _aQL544 .K78 | ||
| 082 | _a595.789 | ||
| 100 | _aKrulik, Nancy | ||
| 245 |
_aThe magic school bus : _bButterfly and the bog beast : A book about butterfly camouflage / |
||
| 260 |
_aNew York : _bScholastic, _c1996. |
||
| 300 |
_a30 unnumbered pages : _bcolor illustrations ; _c21 cm |
||
| 505 | _aP | ||
| 520 | _aFind out when you join the class on an exciting field trip to a real live bog, where they learn all about bog beasts and butterflies. | ||
| 521 | 8 |
_a600
_bLexile |
|
| 521 | 8 |
_aP
_bRaz-Plus |
|
| 650 |
_aAnimals _vBiology _xButterfly _yCamouflage |
||
| 942 |
_2ddc _cBK _n0 |
||
| 999 |
_c8429 _d8429 |
||